| 000 | 00380nam a2200169Ia 4500 | ||
|---|---|---|---|
| 999 |
_c2689 _d2689 |
||
| 003 | OSt | ||
| 005 | 20191003110914.0 | ||
| 008 | 190902s9999||||xx |||||||||||||| ||und|| | ||
| 020 | _a978-0131087477 | ||
| 040 | _cmaju | ||
| 082 | _a658.5 | ||
| 100 | _aStoner, Freeman, Gilbert | ||
| 245 | 0 | _aManagement | |
| 260 |
_aIndia _bPearson _c1995 |
||
| 300 | _a630( E-1) | ||
| 942 |
_cBK _2ddc |
||